| 000 | 00620cam a22002054a 4500 | ||
|---|---|---|---|
| 020 | _a9780821360576 (pbk.) | ||
| 020 | _a0821360574 (pbk.) | ||
| 020 | _a9780821360583 (eISBN) | ||
| 020 | _a0821360582 (eISBN) | ||
| 040 | _cDLC | ||
| 082 | 0 | 0 | _a305 THE 2005 A014 Or. |
| 245 | 0 | 0 |
_aMeasuring empowerment : _bcross-disciplinary perspectives / |
| 260 | _aWashington, DC : World Bank, c2005. | ||
| 300 |
_axx, 475 p. : _bill. ; _c23 cm. |
||
| 650 | 0 | _aCommunity development | |
| 650 | 0 | _aPoverty | |
| 700 | 1 | _aNarayan-Parker, Deepa. | |
| 856 | 4 | 1 | _uhttp://www.loc.gov/catdir/toc/ecip0510/2005009407.html |
| 942 | _cEK | ||
| 999 |
_c13074 _d13074 |
||